10 Najlepszych strzelców Manchesteru United - Statystyki

Ogólne statystyki
  • Ten quiz został rozwiązany 47 razy
  • Średni wynik to 4 z 10
Statystyki odpowiedzi
Gole Piłkarz % Poprawnych
253 Wayne Rooney
98%
168 Ryan Giggs
74%
245 Bobby Charlton
55%
155 Paul Scholes
55%
179 George Best
33%
237 Denis Law
31%
150 Ruud van Nistelrooy
19%
161 Mark Hughes
14%
173 Dennis Viollet
10%
190 Jack Rowley
7%
Nie znaleziono quizów pasujących do podanych kryteriów
Rozkład punktacji
Procent ludzi z każdym wynikiem
Percentyl według liczby udzielonych odpowiedzi
Twoja historia wyników
Nie rozwiązałeś tego quizu